| 000 | 00483nam a2200169 a 4500 | ||
|---|---|---|---|
| 005 | 20140412111249.0 | ||
| 008 | 020516s19uu xx 00 eng d | ||
| 020 | _a0-09-944981-1 | ||
| 050 |
_aER _bFl64 1993 |
||
| 100 | _aLarson, Wendy S. | ||
| 245 |
_aThe Flintstone: big time in bedrock / _cadapted by Wendy S. Larson. |
||
| 260 |
_aLondon : _bRed Fox, _c1993. |
||
| 300 | _a[23] p. ; ill. | ||
| 440 | _aThe Flintstone | ||
| 650 |
_aChildren stories _xFiction |
||
| 999 |
_c103060 _d103060 |
||